000 00673nam a2200217 a 4500
999 _c2953
_d2953
001 2953
003 BD-JhCC
005 20171108183758.0
008 171108s1969 ben |||| |||a 000 0 ben d
035 _a(BD-JhCC)2953
040 _aBD-JhCC
_dBD-JhCC
041 _aben
082 _a891.4409
_bHAY 1969
100 _aহায়াকাওয়া, এস. আই.
245 _aভাষা চিন্তায় ও কর্ম /
_cএস. আই. হায়াকাওয়া,
260 _aঢাকা :
_bবাংলা একাডেমী,
_c1969
300 _a463 p. :
_c24 cm.
650 _aBengali Language
942 _2ddc
_cBK